| 000 | 00920nam a2200241 a 4500 | ||
|---|---|---|---|
| 001 | 58467 | ||
| 003 | BD-RjUL | ||
| 005 | 20211209080627.0 | ||
| 008 | 161218s1994 bg a b 100 0 eng | ||
| 020 | _a984051248X | ||
| 035 | _a(BD-RjUL) 58591 | ||
| 040 |
_aDLC _cDLC _beng _dBD-RjUL |
||
| 041 | _aeng | ||
| 082 |
_223 _a330.954 _bMAN 1994 |
||
| 245 | 1 | 0 |
_aManagement of change in South Asia : _bpapers presented at the third Academic Conference of Management Development Institutions in South Asia (AMDISA), February 4-7, 1994, Dhaka, Bangladesh / _ceditor, Rahim, B. Talukdar. |
| 260 |
_aDhaka : _bUniversity Press, _cc1994. |
||
| 300 |
_axiv, 532 p. : _bill. ; _c25 cm. |
||
| 504 | _aIncludes bibliographical references. | ||
| 650 | 0 |
_aOrganizational change _zSouth Asia _xCongresses. _9173631 |
|
| 651 | 0 |
_aSouth Asia _xEconomic policy _xCongresses. _9173632 |
|
| 700 | 1 |
_aTalukdar, Rahim B. _9173633 |
|
| 942 |
_2ddc _cBK |
||
| 999 |
_c58467 _d58467 |
||